Culture G - Divers (5) - Statistiques

Statistiques générales
  • Ce quiz a été pris 126 fois
  • Le résultat moyen est 10 sur 20
Statistiques - réponses
Indice Réponse % Correct
Qui est la première femme a obtenir un prix Nobel Marie Curie
90%
Quel est le plus grand pays insulaire Australie
84%
De quel groupe faisait parti Paul McCartney The Beatles
84%
Quel sportif légendaire a pour vrai nom Cassius Clay Mohamed Ali
78%
Quel pays est totalement enclavé par l'Afrique du sud Lesotho
67%
Quel est l'élément chimique associé au symbole Au Or
67%
Qui était surnommée la Dame de fer Margaret Thatcher
62%
Quel roi transforme tout ce qu'il touche en or Midas
61%
A quel combien correspond le nombre romain suivant : MMCXLVII 2147
53%
Quel est la monnaie utilisée au Brésil Real
46%
Quel licence japonaise créée en 1983 compte plus de 200 jeux actuellement Mario
42%
Quel est le 50eme états des États Unis d'Amériques Hawaii
38%
En quelle année la première édition des Jeux Olympiques a eu lieu 1896
36%
Comment se nomme l'oncle de Peter Parker alias Spider-man Ben
36%
Que signifie la lettre N dans l'acronyme TNT Numérique
31%
Dans la mythologie grecque, qui a vaincu le Sphinx Oedipe
28%
Quel est le titre du premier volume des Aventures de Tintin Tintin au pays des Soviets
28%
Quel fut le plus grand empire colonial de l'histoire Britannique
25%
Quelle est la valeur approximative du nombre d'or 1.6
21%
En 2024, quel film a reçu l'oscar du meilleur film Oppenheimer
17%
Aucun quiz correspondant
Distribution des résultats
% des personnes avec chaque résultat
Percentile par nombre de réponses
Votre historique - résultats
Vous n’avez pas pris ce quiz